| 000 | 00694nmm a2200253 a 4500 | ||
|---|---|---|---|
| 003 | AR-BaBNM | ||
| 005 | 20251128210950.0 | ||
| 008 | 055020s2003 ||||||||||||||000 | spa|| | ||
| 020 | _a987-02-0223-3 | ||
| 040 | _cAR-BaBNM | ||
| 100 | 1 | _aChingotto, Mario Raúl | |
| 245 | 1 | 0 | _aLos recursos naturales, marítimos y fluviales de la República Argentina |
| 250 | _a2ª ed. | ||
| 260 |
_aBuenos Aires _bEditorial Dunken _c2003 |
||
| 300 | 0 |
_a224 p. _bil, mapas |
|
| 650 | 4 | _aRECURSOS NATURALES | |
| 650 | 4 | _aRECURSOS MARINOS | |
| 650 | 4 | _aRECURSOS HIDRICOS | |
| 650 | 4 | _aPOLITICA DE DESARROLLO | |
| 650 | 4 | _aGEOPOLITICA | |
| 651 | 4 | _aArgentina | |
| 942 | _cBK | ||
| 998 | _cme-calidad | ||
| 999 |
_c17666 _d17666 |
||